Una hiena (Record no. 170991)

MARC details
000 -LEADER
campo de control de longitud fija 00803nam a22001695i 4500
001 - NÚMERO DE CONTROL
campo de control 170991
003 - IDENTIFICADOR DE NÚMERO DE CONTROL
campo de control ES-MaACL
005 - FECHA Y HORA DE LA ÚLTIMA TRANSACCIÓN
campo de control 20230906214519.0
008 - DATOS DE LONGITUD FIJA--INFORMACIÓN GENERAL
campo de control de longitud fija 090421s1873 sp |||| | spa d
100 1# - ENTRADA PRINCIPAL--NOMBRE DE PERSONA
Nombre de persona Escamilla, Pedro.
9 (RLIN) 139872
245 14 - MENCIÓN DEL TÍTULO
Título Una hiena
Resto del título : juguete en un acto y en verso /
Mención de responsabilidad, etc. original de Pedro Escamilla y José Olier.
260 ## - PUBLICACIÓN, DISTRIBUCIÓN, ETC.
Lugar de publicación, distribución, etc. Madrid :
Nombre del editor, distribuidor, etc. [Carlos Calvacho],
Fecha de publicación, distribución, etc. 1873 (
Fabricante Imp. de José Rodríguez)
300 ## - DESCRIPCIÓN FÍSICA
Extensión 28 p. ;
Dimensiones 18 cm.
500 ## - NOTA GENERAL
Nota general En port.: Representado por primera vez con extraordinario éxito en el teatro Martín la noche del 18 de noviembre de 1873.
700 1# - ENTRADA AGREGADA--NOMBRE PERSONAL
Nombre de persona Olier, José.
9 (RLIN) 130609
852 ## - LOCALIZACIÓN
Ubicación ES-MaACL
Número de control de estantería F-8576(7)
Nota libre .- Enc. pasta española
condición física .- Falto de la cub. original
Nota libre .- Enc. en un vol. facticio formando parta de la Col. "Teatro español moderno" vol. 29
Holdings
Estatus retirado Estado de pérdida Estado de daño No para préstamo Colección Biblioteca de origen Biblioteca actual Ubicación en estantería Fecha de adquisición Fuente de adquisición Total de préstamos Signatura topográfica completa Código de barras Visto por última vez Precio de reemplazo Tipo de ítem Koha
        Libros del s. XIX Biblioteca del Ateneo de Madrid Biblioteca del Ateneo de Madrid Sala Pecera Planta 2 21/04/2009     F-8576(7) 1179455 23/02/2023 23/02/2023 Libro impreso antiguo